| 000 | 01231nam a2200229 a 4500 | ||
|---|---|---|---|
| 001 | 57330 | ||
| 005 | 20180714053454.0 | ||
| 008 | 140415s1990 mx 000 0 spa d | ||
| 020 | _a9681633725 | ||
| 041 | _aspa | ||
| 082 |
_a972.032 _bHAM |
||
| 100 | 1 | _aHAMNETT, BRIAN R. | |
| 245 | 1 | 0 |
_aRAICES DE LA INSURGENCIA EN MEXICO : _bHISTORIA REGIONAL 1750-1824 |
| 250 | _a1a ed. | ||
| 260 |
_aMEXICO : _bFONDO DE CULTURA ECONOMICA, _c1990 |
||
| 300 |
_a297 _c15.3 x 1.3 x 23 |
||
| 490 | _aSECCION DE OBRAS DE HISTORIA | ||
| 520 | _aLA DESIGUALDAD SOCIAL, LOS PRIVILEGIOS DE CLASE, LA EXPLOTACION LABORAL, EL DESCONTENTO DE LA BURGUESIA PROVINCIANA MARGINADA DE LOS CARGOS PUBLICOS, EL MONOPOLIO EL COMERCIO POR LA CORONA ESPAÑOLA, FUERON ALGUNAS DE LAS CAUSAS DETERMINANTES DE LA INSURRECION DE 1810 EN MEXICO. LA REVISION DE ESTOS Y OTROS FACTORES DESDE SU INICIO HASTA EL MOMENTO DEL ESTALLIDO ARMADO QUE DIO ORIGEN A LA INDEPENDENCIA DEL PAIS Y A LA CONSTITUCION DE 1824 ES EL INTERES CENTRAL DE RAICES DE LA INSURGENCI | ||
| 650 | 1 | 4 |
_aMEXICO _xHISTORIA _xMEXICO _xHISTORIA _xGUERRA DE INDEPENDENCIA, 1810 _x1821 |
| 700 | 1 |
_aBARCENA, AGUSTIN _etr. |
|
| 740 | _aROOTS OF INSURGENCY. MEXICAN REGIONS, 1750-1824 | ||
| 999 |
_c57330 _d57330 |
||